| 000 | 01136 a2200289 4500 | ||
|---|---|---|---|
| 003 | Nust | ||
| 005 | 20170207154047.0 | ||
| 010 | _a 2008011994 | ||
| 020 | _a0470230231 (cloth) | ||
| 020 | _a9780470230237 (cloth) | ||
| 035 | _a(OCoLC)182733882 | ||
| 035 | _a(OCoLC)ocn182733882 | ||
| 040 | _cNust | ||
| 082 | 0 | 0 | _a658.4092 |
| 100 | 1 | _aGlynn, Bill, | |
| 245 | 1 | 0 |
_aLeft on red :how to ignite, leverage, and build visionary organizations -(E-BOOK) _cBill Glynn. |
| 260 |
_aHoboken, N.J. : _bWiley, _cc2008. |
||
| 300 |
_axiii, 225 p. ; _c24 cm. |
||
| 505 | _aThe Visionary (Page-1), The Future (Page-37), The Art Of A Deal (Page-71), The Strength Of Social Capital (Page-125). | ||
| 650 | 0 | _aLeadership. | |
| 650 | 0 | _aOrganizational effectiveness. | |
| 650 | 0 | _aSuccess in business. | |
| 651 | _aE-BOOK | ||
| 856 | 4 | 2 |
_3Contributor biographical information _uhttp://www.loc.gov/catdir/enhancements/fy0829/2008011994-b.html |
| 856 | 4 | 2 |
_3Publisher description _uhttp://www.loc.gov/catdir/enhancements/fy0827/2008011994-d.html |
| 856 | 4 | 2 |
_3Table of contents only _uhttp://www.loc.gov/catdir/enhancements/fy0827/2008011994-t.html |
| 942 |
_2ddc _cBK |
||
| 999 |
_c192952 _d192952 |
||